| Tag |
First Indicator |
Second Indicator |
Subfields |
| LEADER |
00000cam a2200000Ka 4500 |
| 001 |
in00003501521 |
| 006 |
m o d |
| 007 |
cr bn||||||abp |
| 007 |
cr bn||||||ada |
| 008 |
100630s1989 mouaf obf 001 0 eng d |
| 005 |
20260420201313.6 |
| 019 |
|
|
|a 609178391
|
| 020 |
|
|
|a 9781489972026 (electronic bk.)
|
| 020 |
|
|
|a 1489972021 (electronic bk.)
|
| 020 |
|
|
|z 0801658446 (pbk.)
|
| 020 |
|
|
|z 9780801658440 (pbk.)
|
| 035 |
|
|
|a (OCoLC)645342310
|z (OCoLC)609178391
|
| 040 |
|
|
|a OCLCE
|b eng
|e pn
|c OCLCE
|d OCLCQ
|d GW5XE
|d OCLCF
|d UtOrBLW
|
| 042 |
|
|
|a dlr
|
| 049 |
|
|
|a TXAM
|
| 050 |
|
4 |
|a RG110
|b .H36 1989
|
| 060 |
|
4 |
|a WQ 39
|b H2365 1989
|
| 082 |
0 |
4 |
|a 618
|
| 245 |
0 |
0 |
|a Handbook of obstetrics and gynaecology.
|
| 246 |
3 |
|
|a Handbook of obstetrics and gynecology
|
| 250 |
|
|
|a 3rd ed. /
|b edited by Barry G. Wren and Rogerio A. Lobo.
|
| 264 |
|
1 |
|a St. Louis, MO :
|b C.V. Mosby,
|c [1989]
|
| 264 |
|
4 |
|c ©1989
|
| 300 |
|
|
|a 1 online resource (xiv, 382 pages, 4 unnumbered pages of color plates) :
|b illustrations
|
| 336 |
|
|
|a text
|b txt
|2 rdacontent
|
| 337 |
|
|
|a computer
|b c
|2 rdamedia
|
| 338 |
|
|
|a online resource
|b cr
|2 rdacarrier
|
| 500 |
|
|
|a Spine and cover title: Handbook of obstetrics and gynecology.
|
| 500 |
|
|
|a Includes index.
|
| 538 |
|
|
|a Master and use copy. Digital master created according to Benchmark for Faithful Digital Reproductions of Monographs and Serials, Version 1. Digital Library Federation, December 2002.
|u http://purl.oclc.org/DLF/benchrepro0212
|5 MiAaHDL
|
| 583 |
1 |
|
|a digitized
|c 2010
|h HathiTrust Digital Library
|l committed to preserve
|2 pda
|5 MiAaHDL
|
| 588 |
|
|
|a Description based on print version record.
|
| 500 |
|
|
|a Electronic resource.
|
| 650 |
|
0 |
|a Gynecology
|v Handbooks, manuals, etc.
|
| 650 |
|
0 |
|a Obstetrics
|v Handbooks, manuals, etc.
|
| 650 |
|
2 |
|a Gynecology
|v Handbooks.
|
| 650 |
|
2 |
|a Obstetrics
|v Handbooks.
|
| 650 |
|
2 |
|a Genital Diseases, Female
|v Handbooks.
|
| 650 |
|
7 |
|a Gynecology.
|2 fast
|0 (OCoLC)fst00949684
|
| 650 |
|
7 |
|a Obstetrics.
|2 fast
|0 (OCoLC)fst01042994
|
| 655 |
|
7 |
|a Electronic books.
|2 local
|
| 655 |
|
7 |
|a Handbooks, manuals, etc.
|2 fast
|0 (OCoLC)fst01423877
|
| 700 |
1 |
|
|a Wren, Barry G.
|
| 700 |
1 |
|
|a Lobo, Rogerio A.
|
| 710 |
2 |
|
|a SpringerLink (Online service)
|
| 776 |
1 |
8 |
|i Print version:
|t Handbook of obstetrics and gynaecology.
|b 3rd ed.
|d St. Louis, MO : C.V. Mosby, ©1989
|w (OCoLC)19787401
|
| 856 |
4 |
0 |
|u http://proxy.library.tamu.edu/login?url=https://link.springer.com/10.1007/978-1-4899-7202-6
|z Connect to the full text of this electronic book
|t 0
|
| 994 |
|
|
|a 92
|b TXA
|
| 999 |
|
|
|a MARS
|
| 999 |
f |
f |
|s 432d3cdd-6650-366b-b836-da26cc72b244
|i 1bc5e768-58bf-3131-94d7-716c036b9841
|t 0
|
| 952 |
f |
f |
|a Texas A&M University
|b College Station
|c Electronic Resources
|s www_evans
|d Available Online
|t 0
|e RG110 .H36 1989
|h Library of Congress classification
|
| 998 |
f |
f |
|a RG110 .H36 1989
|t 0
|l Available Online
|